Analýza a predikcia konkurencieschopnosti slovenského cukrovarníckeho a mäsového priemyslu na základe metódy PAM
Hodnotenie konkurencieschopnosti cukrovarníckeho a mäsového priemyslu a jej možný vývoj do roku 2013. Súčasťou analýzy sú aj ukazovatele nominálnej a efektívnej ochrany. Ani jeden zo sledovaných priemyslov nedosiahol v roku 2002 na medzinárodných trhoch komparatívne výhody. V mäsovom priemysle by sm...
Salvato in:
| Autore principale: | |
|---|---|
| Altri autori: | |
| Natura: | Capitolo di libro |
| Lingua: | slovacco |
| Soggetti: | |
| Tags: |
Nessun Tag, puoi essere il primo ad aggiungerne!!
|
MARC
| LEADER | 00000naa$a2200000$$$4500 | ||
|---|---|---|---|
| 001 | 0020457 | ||
| 005 | 20231018084633.1 | ||
| 041 | 0 | |a slo | |
| 044 | |a SK | ||
| 245 | 1 | 0 | |a Analýza a predikcia konkurencieschopnosti slovenského cukrovarníckeho a mäsového priemyslu na základe metódy PAM |c Dagmar Matošková, Marianna Blahovics |
| 520 | |a Hodnotenie konkurencieschopnosti cukrovarníckeho a mäsového priemyslu a jej možný vývoj do roku 2013. Súčasťou analýzy sú aj ukazovatele nominálnej a efektívnej ochrany. Ani jeden zo sledovaných priemyslov nedosiahol v roku 2002 na medzinárodných trhoch komparatívne výhody. V mäsovom priemysle by sme mali konkurencieschopnosť dosahovať na domácich trhoch v 2005-2007, na zahraničných trhoch od roku 2010, v cukrovarníckom priemysle komparatívne výhody na medzinárodných trhoch by sme mohli dosahovať krátko po vstupe do EÚ. | ||
| 610 | 2 | 0 | |a priemysel cukrovarnícky |
| 610 | 2 | 0 | |a mäsopriemysel |
| 610 | 2 | 0 | |a konkurencieschopnosť |
| 610 | 2 | 0 | |a trh medzinárodný |
| 610 | 2 | 0 | |a trh poľnohospodársky |
| 610 | 2 | 0 | |a trh vnútorný |
| 610 | 2 | 0 | |a analýzy |
| 610 | 2 | 0 | |a metódy |
| 610 | 2 | 0 | |a prognózy |
| 100 | 1 | |a Matošková, Dagmar | |
| 700 | 1 | |a Blahovics, Marianna | |